Fallecidos 2025 - Estadísticas

Estadísticas generales
  • Esta prueba ha sido intentada 17 veces
  • La puntuación promedio es 8 de 24
Estadísticas de respuestas
Edad Pista Nombre % Correcto
88 Papa entre 2013 y 2025 Papa Francisco
80%
31 Activista político estadounidense Charlie Kirk
67%
76 Vocalista de Black Sabbath Ozzy Osbourne
67%
91 Diseñador de moda italiano Giorgio Armani
53%
89 Escritor peruano-español, Nobel de Literatura y Premio Cervantes Mario Vargas Llosa
53%
96 Político neonazi francés, fundador de Frente Nacional y padre de Marine Le Pen Jean-Marie Le Pen
47%
91 Actriz y sex symbol francesa Brigitte Bardot
40%
91 Etóloga experta en chimpancés Jane Goodall
40%
89 Presidente de Uruguay entre 2010 y 2015 José Mujica
40%
82 Cantante argentino de 'Cómo te extraño mi amor' Leo Dan
33%
77 Cantante mexicana de 'Rata de dos patas' Paquita la del Barrio
33%
79 Actriz de Annie Hall y El Padrino Diane Keaton
27%
66 Presidente de Extremadura entre 2007-2011 y 2015-2023 Guillermo Fernández Vara
27%
84 Vicepresidente de Estados Unidos entre 2001 y 2009 Dick Cheney
20%
86 Cantante de 'Paco, Paco, Paco' Encarnita Polo
20%
89 Actor de Hollywood de 'Dos hombres y un destino', 'Los Vengadores' y 'Capitán América' Robert Redford
20%
87 Sex symbol italiana de la época dorada de Hollywood Claudia Cardinale
13%
95 Actor de 'Sin Perdón' y 'Superman' Gene Hackman
13%
88 Mitad del Dúo Dinámico Manuel de la Calva
13%
98 Director de comedias como 'Los Bingueros' o 'Yo hice a Roque III' Mariano Ozores
13%
39 Senador colombiano asesinado y nieto del Expresidente Julio César Turbay y la Primera Dama mencionada anteriormente en la tabla Miguel Uribe Turbay
13%
92 Duquesa de Kent Catalina de Kent
7%
93 Primera Dama de Colombia entre 1978 y 1982 Nydia Quintero
7%
93 Reina de Tailandia entre 1950 y 2016 Sirikit
7%
No se encontraron pruebas coincidentes
Distribución de puntuación
Porcentaje de gente con cada puntuación
Porcentaje por número respondido
Historial de tus puntuaciones
No has intentado esta prueba.